[Event "Match"]
[Site "www.echecsemail.com"]
[Date "2019.12.05"]
[Round "1"]
[White "Bjonil60"]
[Black "Coraza"]
[WhiteElo "1450"]
[BlackElo "1720"]
[Result "0-1"]
[Round "1"]
1.Nb1c3 e5
2.e4 Ng8f6
3.Qd1e2 Bf8c5
4.Ng1f3 Nf6g4
5.h3 Ng4f6
6.g3 d6
7.d3 Bc5b4
8.Bc1d2 Bb4xc3
9.Bd2xc3 O-O
10.Bf1g2 Rf8e8
11.O-O Nb8c6
12.b3 a5
13.a3 b6
14.Nf3d2 Bc8e6
15.b4 b5
16.f3 Qd8b8
17.bxa5 Be6c8
18.g4 d5
19.Nd2b3 Qb8a7
20.Kh1 d4
21.Bc3d2 Bc8e6
22.h4 Be6xb3
23.cxb3 Nc6e7
24.b4 c5
25.bxc5 Qa7xc5
26.Bd2b4 Qc5c8
27.Ra1c1 Qc8d7
28.g5 Nf6h5
29.Kh2 Nh5f4
30.Qe2d1 Ne7g6
31.Bg2h1 Qd7h3
32.Kg1 Qh3g3
33.Bh1g2 Qg3xg2

0-1

[Event "Match"]
[Site "www.echecsemail.com"]
[Date "2019.12.06"]
[Round "1"]
[White "Jose"]
[Black "Sociopath"]
[WhiteElo "2850"]
[BlackElo "2830"]
[Result "1/2-1/2"]
[Round "1"]
1.d4 Ng8f6
2.c4 g6
3.Nb1c3 d6
4.e4 Bf8g7
5.Bf1e2 O-O
6.f4 c5
7.d5 e6
8.Ng1f3 exd5
9.exd5 Bc8d7
10.O-O Nb8a6
11.Be2d3 Na6b4
12.Bd3b1 b5
13.a3 Qd8b6
14.Kh1 bxc4
15.axb4 cxb4
16.Nc3a4 Qb6b7
17.f5 Rf8e8
18.Bc1d2 Ra8c8
19.Nf3g5 Re8e5
20.Na4c3 Bd7xf5
21.Bb1xf5 Re5xf5
22.Rf1xf5 gxf5
23.Nc3e2 Nf6g4
24.Qd1f1 Bg7xb2
25.Ra1e1 Qb7xd5
26.Bd2xb4 c3
27.h3 c2
28.Ng5f3 a5
29.Bb4d2 Ng4e5
30.Bd2c1 Ne5xf3
31.gxf3 Bb2xc1
32.Ne2xc1 h6
33.Qf1d3 Rc8c5
34.Qd3e3 Kh7
35.Re1g1 Rc5c8
36.Rg1g2 a4
37.Rg2g1 Qd5e6
38.Qe3d3 Qe6e5
39.Qd3a6 Rc8g8
40.Rg1xg8 Kxg8
41.Qa6c8 Kg7
42.Qc8xc2 a3
43.Nc1e2 d5
44.h4 f4
45.Kg2 d4
46.Ne2c1 Qe5e1
47.Qc2d3 Qe1b4
48.Kf1 Qb4b2
49.Qd3c4 Qb2d2
50.Qc4c5 Qd2e3
51.Kg2 a2
52.Nc1xa2 Qe3e2
53.Kg1 Qe2e1
54.Kg2 Qe1g3
55.Kf1 Qg3xf3
56.Kg1 Qf3g3
57.Kf1 Qg3f3
58.Kg1 Qf3g4
59.Kf1 Qg4d1
60.Kf2 Qd1d2
61.Kf1 Qd2xa2
62.Qc5xd4 f6
63.Qd4d7 Qa2f7
64.Qd7g4 Qf7g6
65.Qg4d7 Qg6f7
66.Qd7g4 { draw }
1/2-1/2

[Event "Match"]
[Site "www.echecsemail.com"]
[Date "2019.12.06"]
[Round "1"]
[White "Chapi"]
[Black "Coraza"]
[WhiteElo "2050"]
[BlackElo "1720"]
[Result "1-0"]
[Round "1"]
1.d4 e6
2.c4 Bf8b4
3.Nb1c3 Bb4xc3
4.bxc3 Ng8f6
5.Bc1g5 O-O
6.Ng1f3 h6
7.Bg5h4 g5
8.Nf3xg5 hxg5
9.Bh4xg5 d6
10.e4 Nb8d7
11.e5 dxe5
12.dxe5 Nd7xe5
13.Qd1xd8 Rf8xd8
14.Bg5xf6 Rd8d6
15.Bf6xe5 Rd6c6
16.Bf1d3 Rc6c5
17.Be5d4 Rc5g5
18.O-O e5
19.Bd4e3 Rg5g7
20.Kh1 Bc8d7
21.Ra1d1 Bd7a4
22.Rd1d2 Ba4c6
23.f3 Ra8e8
24.Be3xa7 b6
25.Ba7xb6 cxb6
26.Rf1b1 Re8b8
27.Rd2b2 Rb8d8
28.Bd3e4 Bc6xe4
29.fxe4 Rd8d6
30.Rb2xb6 Rd6d2
31.Rb6b2 Rd2d3
32.a4 f6
33.h3 Rd3xc3
34.Rb2b8 Kh7
35.Rb8b7 Rc3xc4
36.Rb7xg7 Kxg7
37.Rb1a1 Rc4xe4
38.a5 Re4d4
39.a6 Rd4d8
40.a7 Rd8a8
41.Kh2 Kg6
42.Kg3 e4
43.Kf4 f5
44.g4 fxg4
45.hxg4 e3
46.Kxe3 Kg5
47.Kf3 Kg6
48.Kf4 Kf6
49.g5 Kg6
50.Ra1a6 Kg7
51.Kf5 Ra8f8
52.Ke6 Rf8e8
53.Kd7 Re8f8
54.a8Q Rf8f7
55.Kc6 Kg6
56.Qa8g8 Rf7g7
57.Kd5 { resign }
1-0

[Event "Tourn. n10225"]
[Site "www.echecsemail.com"]
[Date "2019.12.06"]
[Round "1"]
[White "Francesco"]
[Black "Andychesston"]
[WhiteElo "2080"]
[BlackElo "1890"]
[Result "1-0"]
[Round "1"]
1.e4 e5
2.Ng1f3 Nb8c6
3.Bf1b5 d6
4.O-O Bc8g4
5.Nb1c3 Ng8f6
6.Rf1e1 Bf8e7
7.h3 Bg4h5
8.d4 O-O
9.dxe5 dxe5
10.Bb5xc6 Qd8xd1
11.Re1xd1 Bh5xf3
12.gxf3 bxc6
13.Bc1e3 Be7b4
14.Nc3e2 Bb4a5
15.c4 Ra8b8
16.Ra1b1 Ba5b6
17.c5 Bb6a5
18.a3 Rb8b3
19.Ne2c1 Rb3b8
20.b4 Rf8d8
21.Rd1xd8 Rb8xd8
22.bxa5 Rd8d1
23.Kg2 h5
24.Rb1b8 Kh7
25.Rb8b7 Rd1e1
26.Rb7xc7 h4
27.Rc7xf7 Nf6h5
28.Rf7xa7 Nh5f4
29.Be3xf4 exf4
30.Nc1d3 Re1a1
31.Nd3e5 Ra1xa3
32.Ne5xc6 Kh6
33.Nc6e5 g5
34.c6 { resign }
1-0

[Event "Tourn. n10241"]
[Site "www.echecsemail.com"]
[Date "2019.12.06"]
[Round "1"]
[White "Galiany17"]
[Black "Wd40"]
[WhiteElo "2610"]
[BlackElo "2760"]
[Result "0-1"]
[Round "1"]
1.d4 d5
2.c4 e5
3.dxe5 d4
4.Ng1f3 Nb8c6
5.a3 Ng8e7
6.b4 Ne7g6
7.Bc1b2 a5
8.b5 Nc6xe5
9.Nf3xe5 Ng6xe5
10.e3 Bc8e6
11.Bb2xd4 Ne5xc4
12.Qd1c2 Nc4d6
13.Bf1d3 Qd8g5
14.O-O Nd6xb5
15.Bd4b2 c6
16.Nb1d2 Qg5c5
17.Qc2xc5 Bf8xc5
18.Bb2xg7 Rh8g8
19.Bg7e5 Bc5xa3
20.Bd3xb5 Ba3b4
21.Bb5xc6 bxc6
22.Nd2e4 Rg8g6
23.Rf1c1 f5
24.Ne4c5 Be6d5
25.g3 Bb4xc5
26.Rc1xc5 a4
27.Rc5c3 Kf7
28.Rc3a3 Ra8e8
29.Be5d4 Bd5b3
30.Ra1c1 Re8b8
31.Ra3a1 Rb8b5
32.Rc1c3 Ke8
33.f4 Kd7
34.Kf2 Rg6h6
35.Kg1 Kd6
36.Bd4g7 Rh6g6
37.Bg7e5 Kd5
38.Rc3d3 Ke4
39.Rd3d7 Rb5c5
40.Rd7e7 Rc5c2
41.Be5c7 Rg6e6
42.h3 Re6xe7
{ resign }
0-1

[Event "Tourn. n10240"]
[Site "www.echecsemail.com"]
[Date "2019.12.06"]
[Round "1"]
[White "Fegatux"]
[Black "Fantomas"]
[WhiteElo "2230"]
[BlackElo "2220"]
[Result "1/2-1/2"]
[Round "1"]
1.e4 c5
2.Ng1f3 d6
3.d4 cxd4
4.Nf3xd4 Nb8c6
5.Nb1c3 Bc8d7
6.Bc1e3 Ng8f6
7.Bf1e2 g6
8.f3 Bf8g7
9.O-O O-O
10.Qd1d2 Ra8c8
11.a3 a6
12.b4 Nc6e5
13.Ra1b1 Ne5c4
14.Be2xc4 Rc8xc4
15.Rf1c1 Qd8c7
16.Nc3e2 Rf8c8
17.c3 e6
18.Kh1 d5
19.e5 Nf6e8
20.f4 f6
21.Nd4f3 f5
22.Be3d4 h6
23.Qd2e3 Bd7b5
24.Nf3h4 Rc4c6
25.Nh4xg6 Kh7
26.Ng6h4 Bg7f8
27.Ne2g1 Qc7g7
28.h3 Bf8e7
29.Qe3f2 Ne8c7
30.Ng1f3 Rc8g8
31.Kh2 Nc7a8
32.Rc1g1 Qg7f7
33.g3 Rc6c8
34.Qf2c2 Kh8
35.Nh4g2 Rg8g7
36.Bd4f2 Rc8g8
37.a4 Bb5d7
38.b5 axb5
39.axb5 Na8c7
40.c4 dxc4
41.Qc2xc4 Nc7d5
42.Qc4d3 Rg8c8
43.Rg1c1 Rg7g8
44.Ng2e3 Be7c5
45.Ne3d1 Bc5xf2
46.Nd1xf2 Qf7g7
47.Rc1g1 Rc8c3
48.Qd3d1 Rg8c8
49.Rb1b2 Rc3e3
50.Nf2d3 Rc8c3
51.Nf3e1 Qg7f8
52.Rg1g2 Nd5c7
53.Qd1d2 Nc7d5
54.Rg2e2 Re3e4
55.Nd3f2 Re4c4
56.Ne1f3 Rc4b4
57.Nf3h4 Kh7
58.Nf2d1 Rc3a3
59.Rb2xb4 Qf8xb4
60.Qd2xb4 Nd5xb4
61.Nd1f2 Nb4d5
62.Re2b2 Ra3a5
63.Nf2d3 b6
64.Nh4f3 Ra5xb5
{ draw }
1/2-1/2

[Event "Tourn. n10248"]
[Site "www.echecsemail.com"]
[Date "2019.12.06"]
[Round "1"]
[White "Apdash"]
[Black "Ff333"]
[WhiteElo "2230"]
[BlackElo "2030"]
[Result "1-0"]
[Round "1"]
1.e4 e5
2.Ng1f3 Nb8c6
3.Bf1b5 d6
4.d4 exd4
5.Nf3xd4 Bc8d7
6.O-O Nc6e5
7.Bb5xd7 Qd8xd7
8.f4 Ne5c6
9.Nb1c3 O-O-O
10.Bc1e3 Kb8
11.a3 Ng8f6
12.Qd1d3 Rd8e8
13.Ra1d1 Nf6g4
14.Nd4xc6 Qd7xc6
15.Be3d4 Qc6d7
16.h3 Ng4h6
17.e5 b6
18.exd6 Qd7xd6
19.Qd3a6 Qd6c6
20.Nc3b5 Qc6b7
21.Qa6a4 c6
22.Bd4e5 { resign }
1-0

[Event "Tourn. n10246"]
[Site "www.echecsemail.com"]
[Date "2019.12.06"]
[Round "1"]
[White "Apdash"]
[Black "Joskomol"]
[WhiteElo "2230"]
[BlackElo "2020"]
[Result "0-1"]
[Round "1"]
1.e4 e5
2.Ng1f3 Nb8c6
3.Bf1b5 a6
4.Bb5xc6 dxc6
5.O-O Ng8e7
6.c3 Ne7g6
7.d4 exd4
8.cxd4 Bf8e7
9.Nb1c3 Bc8g4
10.h3 Bg4xf3
11.gxf3 Qd8d7
12.Kg2 f5
13.e5 f4
14.Nc3e4 O-O-O
15.Ne4c3 Qd7f5
16.Nc3e2 Ng6h4
17.Kh2 Nh4xf3
18.Kg2 Qf5e4
19.Ne2xf4 Nf3xd4
20.f3 Qe4f5
21.Bc1d2 Be7g5
22.Kg3 Nd4e6
23.Qd1c1 Rd8xd2
24.Nf4xe6 Bg5f4
25.Ne6xf4 Qf5g5
{ resign }
0-1

[Event "Tourn. n10232"]
[Site "www.echecsemail.com"]
[Date "2019.12.06"]
[Round "1"]
[White "Galiany17"]
[Black "Jerome"]
[WhiteElo "2560"]
[BlackElo "2740"]
[Result "0-1"]
[Round "1"]
1.d4 Ng8f6
2.c4 g6
3.g3 Bf8g7
4.Bf1g2 O-O
5.Nb1c3 c5
6.Ng1f3 cxd4
7.Nf3xd4 Qd8c7
8.b3 d5
9.Nd4b5 Qc7a5
10.Bc1d2 dxc4
11.bxc4 Qa5d8
12.O-O a6
13.Nb5a3 Nb8c6
14.Ra1b1 Bc8e6
15.Nc3a4 Qd8d6
16.Qd1c1 Nc6d4
17.Rf1e1 Be6f5
18.Rb1b4 Ra8d8
19.Rb4xb7 Bf5e4
20.Rb7b6 Qd6d7
21.Na4c5 Qd7c7
22.Nc5xe4 Qc7xb6
23.c5 Qb6b8
24.Bd2f4 Qb8b4
25.Bf4d2 Qb4a4
26.Ne4c3 Qa4d7
27.Na3c4 Qd7f5
28.Nc3a4 Nf6e4
29.Bd2f4 Ne4xc5
30.Nc4e3 Nd4xe2
31.Re1xe2 Qf5d3
32.Na4xc5 Qd3xe2
33.Bg2f1 Qe2xa2
34.Nc5xa6 e5
35.Bf4g5 Rd8c8
36.Na6c7 Qa2a5
37.Ne3d5 Rc8xc7
38.Nd5xc7 Rf8c8
{ resign }
0-1

[Event "1/128 Finale"]
[Site "www.chess-mail.com"]
[Date "2019.12.06"]
[Round "1"]
[White "Passaroa25"]
[Black "Rcdamaceanu"]
[WhiteElo "1780"]
[BlackElo "1499"]
[Result "0-1"]
[Round "1"]
1.Ng1f3 d5
2.d4 Ng8f6
3.e3 e6
4.Bf1e2 b6
5.Nf3e5 Bf8d6
6.f3 c5
7.Be2b5 Nb8d7
8.Bb5c6 Ra8b8
9.O-O Bc8a6
10.Ne5xd7 Nf6xd7
11.Rf1e1 Qd8c8
12.Bc6a4 h6
13.Nb1d2 Qc8d8
14.f4 b5
15.Ba4b3 c4
16.e4 cxb3
17.Nd2xb3 O-O
18.e5 Bd6b4
19.Bc1d2 Bb4xd2
20.Qd1xd2 Ba6b7
21.Nb3a5 Qd8b6
22.b4 f6
23.Kf1 fxe5
24.dxe5 Rb8c8
25.g3 Kh8
26.Re1c1 Nd7xe5
27.Qd2g2 Ne5g6
28.c3 Rc8c6
29.Na5xc6 Qb6xc6
30.Qg2d2 Kh7
31.Rc1e1 e5
32.Qd2e3 Qc6d7
33.Qe3xa7 exf4
34.Kg2 d4
35.Kf2 Qd7h3
36.Qa7xb7 Qh3xh2
37.Qb7g2 Qh2h5
38.g4 Qh5h4
39.Kf1 Rf8c8
40.cxd4 Rc8c3
41.a4 Rc3g3
42.Qg2f2 Qh4xg4
43.axb5 Rg3d3
44.b6 Rd3f3
45.Ra1a2 h5
46.b7 Rf3xf2
47.Ra2xf2 Qg4h3
48.Kg1 Qh3g3
49.Rf2g2 Qg3xe1
50.Kh2 Qe1h4
51.Kg1 Qh4d8
52.Rg2d2 h4
53.Kf2 Qd8b8
54.d5 Qb8xb7
55.d6 Qb7xb4
56.Rd2d1 Qb4e4
57.Kf1 Qe4f3
58.Ke1 Qf3c3
59.Ke2 Qc3c2
60.Rd1d2 Qc2c4
61.Kf2 Qc4e6
62.d7 Qe6e3
63.Kg2 f3
64.Kf1 Qe3xd2
65.d8Q Qd2xd8
66.Kf2 Qd8d2
67.Kg1 Qd2g2

0-1

[Event "Match"]
[Site "www.echecsemail.com"]
[Date "2019.12.07"]
[Round "1"]
[White "Krokolis"]
[Black "Chapi"]
[WhiteElo "1599"]
[BlackElo "2100"]
[Result "1-0"]
[Round "1"]
1.c4 g6
2.Ng1f3 Bf8g7
3.d4 c6
4.g3 d5
5.cxd5 cxd5
6.Bf1g2 Nb8c6
7.O-O Bc8g4
8.Nf3e5 Nc6xe5
9.dxe5 e6
10.Qd1a4 Qd8d7
11.Qa4xg4 Bg7xe5
12.Nb1c3 Ng8f6
13.Qg4g5 Ra8c8
14.Qg5xe5 { resign }
1-0

[Event "Tourn. n10214"]
[Site "www.echecsemail.com"]
[Date "2019.12.07"]
[Round "1"]
[White "Rons"]
[Black "Seger"]
[WhiteElo "2620"]
[BlackElo "2860"]
[Result "0-1"]
[Round "1"]
1.e4 Nb8c6
2.Ng1f3 e5
3.Bf1b5 a6
4.Bb5a4 Ng8f6
5.O-O Nf6xe4
6.d4 b5
7.Ba4b3 d5
8.dxe5 Bc8e6
9.Qd1e2 Ne4c5
10.Rf1d1 Nc5xb3
11.cxb3 Bf8e7
12.Nb1c3 O-O
13.Bc1e3 Qd8d7
14.h3 f6
15.exf6 Rf8xf6
16.Nf3g5 Rf6f5
17.Ng5xe6 Qd7xe6
18.Qe2d2 Ra8d8
19.Nc3e2 d4
20.Ne2xd4 Rd8xd4
21.Be3xd4 Rf5d5
22.Qd2e1 Qe6xe1
23.Rd1xe1 Rd5xd4
24.Ra1c1 Be7b4
25.Re1d1 Bb4d6
26.g3 Kf7
27.Kg2 Ke6
28.Rd1xd4 Nc6xd4
29.f4 a5
30.Kf2 Kd5
31.Rc1e1 Nd4c6
32.Kf3 Bd6c5
33.Re1e8 Bc5d4
34.Re8f8 Kc5
35.Rf8c8 Bd4xb2
36.h4 Nc6d4
37.Ke3 c6
38.h5 Kb4
39.Rc8d8 Nd4f5
40.Kd3 Ka3
41.h6 Kxa2
42.hxg7 Nf5xg7
43.Rd8a8 Kxb3
44.Ra8xa5 Ng7h5
45.f5 h6
46.g4 Nh5f6
47.Ke3 Nf6xg4
48.Kf3 Ng4f6
49.Ke2 Bb2c3
{ resign }
0-1

[Event "1/16 Finale"]
[Site "www.chess-mail.com"]
[Date "2019.12.07"]
[Round "1"]
[White "Sorim"]
[Black "Buchauer"]
[WhiteElo "2330"]
[BlackElo "2800"]
[Result "0-1"]
[Round "1"]
1.d4 d5
2.Ng1f3 Ng8f6
3.Bc1g5 Nf6e4
4.Bg5h4 h5
5.Nb1d2 f6
6.h3 g5
7.Bh4g3 Ne4xg3
8.fxg3 Bf8h6
9.e4 g4
10.Nf3h4 Qd8d6
11.Kf2 Qd6b6
12.Nd2b3 dxe4
13.Bf1c4 Nb8c6
{ resign }
0-1

[Event "Match"]
[Site "www.echecsemail.com"]
[Date "2019.12.08"]
[Round "1"]
[White "Ztornad"]
[Black "Aiko1603"]
[WhiteElo "1970"]
[BlackElo "2130"]
[Result "0-1"]
[Round "1"]
1.e4 c5
2.Nb1c3 Nb8c6
3.a3 g6
4.Bf1c4 Bf8g7
5.Qd1f3 Nc6e5
6.Qf3e2 Ne5xc4
7.b3 Nc4e5
8.Bc1b2 Ng8f6
9.f4 Ne5c6
10.e5 Nf6h5
11.Qe2f3 Nc6d4
12.Qf3e4 f5
13.Qe4d3 Nh5xf4
14.Qd3f3 Nd4xf3
15.Ng1xf3 d5
16.Nc3a4 Nf4e6
17.O-O b6
18.Ra1d1 d4
19.d3 Bc8b7
20.c4 Qd8c7
21.Rd1e1 Bb7xf3
22.Rf1xf3 Bg7xe5
23.g3 Ne6g5
24.Rf3f1 Be5xg3
25.Re1e2 Ng5h3
26.Kh1 Qc7c6
27.Re2g2 Nh3f4
28.Rf1g1 Bg3f2
29.h4 Bf2xg1
30.Kxg1 Qc6xg2

0-1

[Event "Tourn. n10240"]
[Site "www.echecsemail.com"]
[Date "2019.12.08"]
[Round "1"]
[White "Apdash"]
[Black "Amaya"]
[WhiteElo "2210"]
[BlackElo "2040"]
[Result "1-0"]
[Round "1"]
1.e4 e6
2.Ng1f3 d5
3.exd5 exd5
4.d4 Ng8f6
5.c4 Bf8b4
6.Nb1c3 O-O
7.cxd5 Nf6xd5
8.Qd1b3 Bc8e6
9.Bf1c4 Bb4xc3
10.bxc3 b6
11.O-O c6
12.Nf3e5 b5
13.Bc4xd5 Be6xd5
14.Qb3c2 Nb8d7
15.a4 Nd7xe5
16.dxe5 Qd8h4
17.Bc1a3 Rf8e8
18.axb5 Re8xe5
19.Ba3d6 Re5g5
20.Bd6g3 Qh4c4
21.b6 Bd5e4
22.Qc2c1 Rg5g6
23.b7 Ra8f8
24.f3 Rg6xg3
25.hxg3 Qc4c5
26.Rf1f2 Be4d3
27.Qc1a3 { resign }
1-0

[Event "Tourn. n10249"]
[Site "www.echecsemail.com"]
[Date "2019.12.08"]
[Round "1"]
[White "Aders1"]
[Black "Jjmcbride"]
[WhiteElo "1799"]
[BlackElo "1780"]
[Result "1-0"]
[Round "1"]
1.Ng1f3 d5
2.g3 d4
3.Bf1g2 c5
4.O-O Nb8c6
5.d3 f6
6.a3 g5
7.b4 e5
8.c4 a6
9.e3 cxb4
10.exd4 g4
11.Nf3xe5 fxe5
12.dxe5 Nc6xe5
13.Rf1e1  { time }
1-0

[Event "Tourn. n10249"]
[Site "www.echecsemail.com"]
[Date "2019.12.08"]
[Round "1"]
[White "Jjmcbride"]
[Black "Cal"]
[WhiteElo "1780"]
[BlackElo "1770"]
[Result "0-1"]
[Round "1"]
1.e4 e5
2.Ng1f3 d6
3.h3 a6
4.d4 exd4
5.Nf3xd4 c5
6.Nd4f3 h6
7.e5 Qd8e7
8.Qd1e2 dxe5
9.Nf3xe5 Ng8f6
10.Nb1c3 Bc8e6
11.Qe2f3 b5
 { time }
0-1

[Event "Match"]
[Site "www.echecsemail.com"]
[Date "2019.12.09"]
[Round "1"]
[White "Zsigazsuga"]
[Black "Dussek"]
[WhiteElo "1499"]
[BlackElo "1900"]
[Result "1-0"]
[Round "1"]
1.g3 Ng8f6
2.Bf1g2 g6
3.c4 Bf8g7
4.Nb1c3 d6
5.Ng1f3 c5
6.O-O O-O
7.d3 Nb8c6
8.e3 Bc8d7
9.d4 cxd4
10.exd4 Qd8c7
11.Bc1f4 Qc7b6
12.Qd1d2 Ra8c8
13.b3 Nf6h5
14.Bf4e3 Qb6c7
15.Rf1e1 Nc6b4
16.a3 Nb4c6
17.Nc3d5 Qc7d8
18.b4 a6
19.Ra1c1 Nh5f6
20.Be3h6 Nf6xd5
21.cxd5 Nc6a7
22.Bh6xg7 Kxg7
23.Bg2f1 Na7b5
24.a4 Nb5c7
25.b5 Nc7xd5
26.bxa6 bxa6
27.Bf1xa6 Rc8a8
28.Ba6b7 Ra8xa4
29.Bb7xd5 e6
30.Bd5c6 Bd7xc6
31.Rc1xc6 Qd8a8
32.d5 exd5
33.Rc6xd6 Rf8d8
34.Rd6xd8 Qa8xd8
35.Qd2b2 Kg8
36.Qb2b7 d4
37.Re1e7 Qd8f8
38.Qb7d7 d3
39.Re7e8 Ra4a1
40.Kg2 { resign }
1-0

[Event "Tourn. n10244"]
[Site "www.echecsemail.com"]
[Date "2019.12.09"]
[Round "1"]
[White "Malbertan"]
[Black "Pariolinius"]
[WhiteElo "2080"]
[BlackElo "1940"]
[Result "0-1"]
[Round "1"]
1.e4 c6
2.Ng1f3 d5
3.Nb1c3 d4
4.Nc3e2 Bc8g4
5.Nf3xd4 e5
6.Nd4f3 Bg4xf3
7.gxf3 Ng8f6
8.d4 Nb8d7
9.Bc1g5 Bf8e7
10.dxe5 Nd7xe5
11.Bf1g2 O-O
12.Qd1xd8 Ra8xd8
13.Ne2c3 h6
14.Bg5h4 Ne5g6
15.Bh4g3 Nf6h5
16.Ke2 Nh5f4
17.Kf1 Rd8d2
18.Ra1d1 Rf8d8
19.Rd1xd2 Rd8xd2
20.h4 Rd2xc2
21.Kg1 Be7c5
22.h5 Nf4xg2
23.hxg6 Ng2e1
24.gxf7 Kxf7
25.f4 Ne1d3
26.Nc3a4 Bc5d4
{ resign }
0-1

[Event "Tourn. n10249"]
[Site "www.echecsemail.com"]
[Date "2019.12.09"]
[Round "1"]
[White "Jjmcbride"]
[Black "Dussek"]
[WhiteElo "1780"]
[BlackElo "1870"]
[Result "0-1"]
[Round "1"]
1.e4 c5
2.c3 e6
3.Ng1f3 a6
4.e5 Nb8c6
5.d4 Qd8c7
6.Bc1e3 cxd4
7.cxd4 Ng8e7
8.Nb1a3 Ne7d5
9.Na3c4 b5
10.Nc4a3 Nd5xe3
11.fxe3 { time. }
0-1

[Event "Tourn. n10237"]
[Site "www.echecsemail.com"]
[Date "2019.12.09"]
[Round "1"]
[White "Ditto"]
[Black "Iko"]
[WhiteElo "1980"]
[BlackElo "1800"]
[Result "1/2-1/2"]
[Round "1"]
1.e4 e5
2.Ng1f3 Nb8c6
3.Bf1c4 b5
4.Bc4d5 Bc8b7
5.Nb1c3 b4
6.Nc3b1 Nc6a5
7.d4 Bb7xd5
8.exd5 exd4
9.Qd1xd4 c5
10.Qd4e3 Bf8e7
11.d6 Na5c4
12.Qe3e4 Ng8f6
13.Qe4xc4 Be7xd6
14.Bc1g5 h6
15.Bg5e3 g5
16.O-O h5
17.Nf3xg5 Qd8e7
18.Rf1e1 { draw }
1/2-1/2

[Event "Tourn. n10240"]
[Site "www.echecsemail.com"]
[Date "2019.12.09"]
[Round "1"]
[White "Argento"]
[Black "Fegatux"]
[WhiteElo "2210"]
[BlackElo "2230"]
[Result "1-0"]
[Round "1"]
1.e4 e5
2.Ng1f3 Nb8c6
3.Bf1b5 a6
4.Bb5a4 Ng8f6
5.O-O Bf8e7
6.Rf1e1 b5
7.Ba4b3 O-O
8.a4 b4
9.d4 d6
10.dxe5 dxe5
11.Qd1xd8 Rf8xd8
12.Nb1d2 Bc8g4
13.h3 Bg4h5
14.a5 Be7c5
15.Bb3a4 Nc6d4
16.Nf3xe5 Nd4e2
17.Kf1 Ne2xc1
18.Nd2f3 Bh5xf3
19.Ne5xf3 Nc1d3
20.cxd3 Rd8xd3
21.Ra1c1 Bc5f8
22.Rc1xc7 h6
23.e5 Nf6d5
24.Rc7c4 Nd5e7
25.Ba4c2 Rd3d8
26.e6 f5
27.Rc4xb4 Ra8c8
28.Bc2b3 Rc8c5
29.Nf3e5 Kh7
30.Rb4a4 g5
31.Ne5d7 Rc5b5
32.Bb3c4 Rb5xb2
33.Bc4xa6 Bf8g7
34.Re1d1 Kh8
35.Ba6e2 Bg7c3
36.Be2f3 Kg7
37.a6 Rb2b4
38.Ra4xb4 Bc3xb4
39.a7 { resign }
1-0

[Event "Tourn. n10224"]
[Site "www.echecsemail.com"]
[Date "2019.12.09"]
[Round "1"]
[White "Orhany24"]
[Black "Goofy"]
[WhiteElo "2160"]
[BlackElo "2300"]
[Result "0-1"]
[Round "1"]
1.e4 d6
2.d4 Ng8f6
3.Bf1d3 e5
4.d5 Nb8d7
5.c4 Nd7c5
6.Nb1c3 Nc5xd3
7.Qd1xd3 g6
8.h3 Bf8g7
9.Ng1e2 O-O
10.O-O Nf6e8
11.f4 f5
12.Bc1e3 Ne8f6
13.fxe5 dxe5
14.g3 fxe4
15.Nc3xe4 Bc8xh3
16.Ne4xf6 Rf8xf6
17.Rf1xf6 Qd8xf6
18.Be3f2 b6
19.Ne2c3 Ra8f8
20.Nc3e4 Qf6f5
21.Ra1e1 Bh3g4
22.Qd3e3 Qf5h5
23.Qe3g5 Qh5h3
24.Qg5h4 Qh3xh4
25.gxh4 c6
26.Ne4g5 cxd5
27.cxd5 Rf8d8
28.Ng5e6 Rd8xd5
29.Ne6xg7 Kxg7
30.Kh2 Bg4f5
31.Re1e2 Kh6
32.Bf2e3 Kg7
33.Kg3 Kf7
34.Be3g5 Ke6
35.a3 Rd5d4
{ resign }
0-1

[Event "Tourn. n10226"]
[Site "www.echecsemail.com"]
[Date "2019.12.09"]
[Round "1"]
[White "Bigrezi"]
[Black "Claudia"]
[WhiteElo "2280"]
[BlackElo "2190"]
[Result "1-0"]
[Round "1"]
1.e4 c5
2.Ng1f3 d6
3.d4 cxd4
4.Nf3xd4 Ng8f6
5.Nb1c3 e6
6.Bc1g5 a6
7.Bf1c4 Bf8e7
8.O-O O-O
9.Bc4d3 b5
10.Qd1d2 Bc8b7
11.Ra1d1 Qd8c7
12.a3 Nb8c6
13.Nd4xc6 Bb7xc6
14.Rf1e1 Qc7b7
15.f3 a5
16.e5 dxe5
17.Re1xe5 b4
18.axb4 axb4
19.Nc3e2 Rf8d8
20.Ne2g3 Qb7c7
21.Rd1e1 Rd8d5
22.Re5xd5 Bc6xd5
23.Kh1 Bd5c4
24.Bg5f4 Qc7c6
25.Bf4g5 Bc4xd3
26.cxd3 Ra8d8
27.Ng3f5 Qc6d7
28.Nf5xe7 Qd7xe7
29.Re1c1 h6
30.Bg5h4 Rd8d4
31.Rc1c8 Kh7
32.Rc8c4 Qe7d6
33.b3  { time }
1-0

[Event "Match"]
[Site "www.echecsemail.com"]
[Date "2019.12.09"]
[Round "1"]
[White "Gimmyg"]
[Black "Apdash"]
[WhiteElo "2560"]
[BlackElo "2230"]
[Result "1-0"]
[Round "1"]
1.Nb1c3 Ng8f6
2.e4 e5
3.Ng1f3 Nb8c6
4.Bf1b5 d6
5.d4 exd4
6.Nf3xd4 Bc8d7
7.O-O Bf8e7
8.Nd4xc6 Bd7xc6
9.Bb5xc6 bxc6
10.f4 O-O
11.Qd1f3 Qd8d7
12.h3 a5
13.b3 Qd7e6
14.Bc1b2 d5
15.e5 Be7c5
16.Kh1 Nf6d7
17.Nc3a4 Bc5b6
18.f5 Qe6h6
19.Ra1e1 Nd7c5
20.Qf3g4 Nc5xa4
21.Qg4xa4 c5
22.Qa4g4 g6
23.f6 Rf8e8
24.e6 d4
25.exf7 Kxf7
26.Qg4d7 Kf8
27.Re1e7 { resign }
1-0

[Event "Tourn. n10235"]
[Site "www.echecsemail.com"]
[Date "2019.12.09"]
[Round "1"]
[White "Jjmcbride"]
[Black "Fereike"]
[WhiteElo "1780"]
[BlackElo "1690"]
[Result "0-1"]
[Round "1"]
1.e4 e5
2.Ng1f3 Nb8c6
3.a3 d5
4.exd5 Qd8xd5
5.Nb1c3 Qd5d8
6.d4 Bc8g4
7.Bf1b5 exd4
8.Nc3e4 Qd8d5
9.Qd1e2 Bg4xf3
10.Bb5xc6 Qd5xc6
11.Qe2xf3 Ng8f6
12.Bc1g5 Qc6xe4
13.Qf3xe4 Nf6xe4
14.Bg5f4 O-O-O
15.f3 Ne4f6
16.O-O-O Bf8c5
17.Rh1e1 Rh8e8
18.Bf4e5 Nf6d5
19.Be5xg7 Nd5e3
20.Rd1d3 { time. }
0-1

[Event "Tourn. n10260"]
[Site "www.echecsemail.com"]
[Date "2019.12.09"]
[Round "1"]
[White "Apdash"]
[Black "Sorim"]
[WhiteElo "2300"]
[BlackElo "2300"]
[Result "1-0"]
[Round "1"]
1.e4 e5
2.Ng1f3 Nb8c6
3.d4 exd4
4.Nf3xd4 Bf8c5
5.Nd4xc6 bxc6
6.Bf1c4 Ng8f6
7.Nb1c3 O-O
8.O-O Bc8b7
9.Bc1g5 h6
10.Bg5h4 Bc5e7
11.f3 d6
12.Kh1 Qd8b8
13.Bc4b3 Bb7a6
14.Rf1e1 Qb8b6
15.e5 dxe5
16.Re1xe5 Ra8d8
17.Qd1e1 Rd8d7
18.Re5xe7 Rd7xe7
19.Qe1xe7 { resign }
1-0

[Event "Tourn. n10220"]
[Site "www.echecsemail.com"]
[Date "2019.12.09"]
[Round "1"]
[White "Esperanza"]
[Black "Libiesse"]
[WhiteElo "2090"]
[BlackElo "1950"]
[Result "1-0"]
[Round "1"]
1.e4 c5
2.Ng1f3 e6
3.d4 cxd4
4.Nf3xd4 a6
5.c4 Qd8c7
6.Nb1c3 Ng8f6
7.Bc1e3 b6
8.Qd1d2 Bf8b4
9.f3 Bc8b7
10.Bf1e2 O-O
11.Ra1c1 Nb8c6
12.O-O Rf8d8
13.a3 Bb4e7
14.Rf1d1 d6
15.b4 Nc6e5
16.Qd2a2 Bb7c6
17.h3 a5
18.Qa2d2 axb4
19.axb4 Qc7b7
20.Nd4xc6 Ne5xc6
21.Nc3b5 Ra8a4
22.Rc1b1 d5
23.exd5 exd5
24.c5 Rd8a8
25.Kh1 Ra4a2
26.Rb1b2 Ra2xb2
27.Qd2xb2 bxc5
28.bxc5  { time }
1-0

[Event "Tourn. n10255"]
[Site "www.echecsemail.com"]
[Date "2019.12.09"]
[Round "1"]
[White "Fantomas"]
[Black "Jesmantiz"]
[WhiteElo "2090"]
[BlackElo "2150"]
[Result "1-0"]
[Round "1"]
1.e4 d6
2.Ng1f3 c6
3.Bf1e2 g6
4.O-O Bf8g7
5.d4 h6
6.c3 e6
7.Bc1e3 Ng8e7
8.Nb1d2 O-O
9.Rf1e1 Nb8d7
10.Nd2f1 b6
11.Nf1g3 Kh7
12.Qd1c2 e5
13.Ra1d1 Ne7g8
14.h3 Bc8b7
15.Nf3h2 Qd8e7
16.Qc2d2 Ra8d8
17.b3 d5
18.Qd2c2 dxe4
19.Ng3xe4 f5
20.Ne4d2 e4
21.Nd2f1 Ng8f6
22.Be3c1 Nf6d5
23.Nf1e3 Nd5f6
24.a3 Kh8
25.b4 Nf6g8
26.c4 Nd7f6
27.Qc2b3 Qe7c7
28.a4 Rd8d7
29.Ne3c2 Rf8d8
30.f4 Nf6h7
31.Bc1e3 g5
32.Re1f1 Rd8f8
33.Rf1f2 Qc7d8
34.Rd1f1 Ng8e7
35.Rf1d1 gxf4
36.Rf2xf4 Ne7g6
37.Rf4f1 f4
38.Be3c1 Qd8h4
39.Be2g4 Rd7e7
40.d5 h5
41.Bg4e6 Qh4g3
42.Qb3xg3 fxg3
43.Rf1xf8 Nh7xf8
44.Nh2f1 Nf8xe6
45.dxe6 h4
46.Rd1d7 Bg7f6
47.Nf1e3 Kg7
48.Ne3f5 Kf8
49.Nf5xe7 Bb7c8
50.Ne7xc8 Ng6e5
51.Bc1h6 Kg8
52.Rd7xa7 Ne5xc4
53.Ra7f7 Bf6c3
54.Rf7f8 { resign }
1-0

[Event "1/32 Finale"]
[Site "www.chess-mail.com"]
[Date "2019.12.09"]
[Round "1"]
[White "Asoka"]
[Black "Bevittsmith"]
[WhiteElo "2680"]
[BlackElo "2310"]
[Result "1-0"]
[Round "1"]
1.c4 Ng8f6
2.d4 g6
3.Nb1c3 d5
4.cxd5 Nf6xd5
5.e4 Nd5xc3
6.bxc3 Bf8g7
7.Ng1f3 c5
8.Bc1e3 O-O
9.Ra1c1 Bc8g4
10.Bf1e2 Nb8c6
11.d5 Bg4xf3
12.Be2xf3 Nc6e5
13.Bf3e2 Qd8a5
14.O-O Ne5d7
15.Qd1b3 Ra8b8
16.c4 Qa5c7
17.f4 e6
18.e5 exd5
19.cxd5 b6
20.d6 Qc7d8
21.Be2b5 Rb8c8
22.e6 { resign }
1-0

[Event "1/16 Finale"]
[Site "www.chess-mail.com"]
[Date "2019.12.09"]
[Round "1"]
[White "Bevittsmith"]
[Black "Virgil08bv"]
[WhiteElo "2320"]
[BlackElo "2720"]
[Result "0-1"]
[Round "1"]
1.e4 d6
2.d4 Ng8f6
3.Nb1c3 g6
4.f4 Bf8g7
5.Ng1f3 O-O
6.Bf1d3 Nb8a6
7.O-O c5
8.Bd3xa6 cxd4
9.Qd1xd4 bxa6
10.h3 Bc8b7
11.Bc1e3 Qd8c7
12.Qd4d3 Ra8c8
13.Ra1c1 Nf6h5
14.Nc3e2 Bg7xb2
15.Rc1b1 Bb2f6
16.c3 e5
17.f5 gxf5
18.Nf3g5 f4
{ resign }
0-1

[Event "Match"]
[Site "www.echecsemail.com"]
[Date "2019.12.10"]
[Round "1"]
[White "Chapi"]
[Black "Liencam2"]
[WhiteElo "2090"]
[BlackElo "2230"]
[Result "1-0"]
[Round "1"]
1.d4 Ng8f6
2.c4 d5
3.cxd5 Bc8f5
4.Nb1c3 Nf6xd5
5.Ng1f3 e6
6.Qd1b3 Nb8c6
7.a3 Nc6a5
8.Qb3a4 c6
9.Bc1d2 b5
10.Nc3xb5 Na5b7
11.Nb5xa7 Nd5e7
12.Nf3e5 Bf5e4
13.f3 Qd8b6
14.fxe4 Ra8xa7
15.Qa4b4 Qb6c7
16.Ra1c1 Ne7g6
17.Rc1xc6 Bf8xb4
18.Rc6xc7 Bb4xd2
19.Kxd2 Ng6xe5
20.dxe5 O-O
21.e3 Rf8b8
22.Bf1b5 Ra7a5
23.a4 h6
24.b4 Ra5a7
25.Bb5c6 Rb8a8
26.Rc7xb7 Ra7xb7
27.Bc6xb7 { resign }
1-0